=LDR 00000nam 2200000 4500 =001 INLIS000000000023714 =005 20130612122341 =008 ***********************************Ind** =035 ##$$0010-061300000023714 =041 ##$$a Ind =082 ##$$a 364.043 =090 ##$$a 364.043, San h =100 ##$$a Santoso, Urip =245 ##$$a Hukum Agraria dan hak-hak atas tanah, Urip Santoso =260 ##$$a 2006 $b Jakarta =300 ##$$a 350 hlm, 21 cm =650 ##$$a Hukum Agraria =850 ##$$a NBPNMAT